00482 2200169 4500001002100000005001500021035002000036245005100056100001900107300003400126260004300160082001000203084001600213020001800229600004800247990001700295INLIS00000000000046920241111092511 a0010-11240000371 aLandasan Manajemen Pendidikan /cNanang Fattah0 aFattah, Nanang a126 hlm :bilus ;c15 X 23 cm aBandung :bPT Remaja Rosdakarya,c2003 a370.1 a370.1 FAT l a979-514-592-4 4aManajemen Pendidikan dan Organisasi Sekolah a1202/PP/2023